LEADER 00872nam a2200217 i 4500 001 000000193922 003 CaOOAMICUS 005 20101102000000.0 008 101102s1981 it u000 u ita u 013 $a172566 040 $aSeMil$bita 100 1 $aCarnago, Francesco.$0(OLS)http://semarc/name/70515 245 14$aUna vita da prete :$bdon Silvio Gallotti /$cFrancesco Carnago. 260 $aRoma :$bEd. Monfortane,$c1981. 300 $a158 p. ;$c22 cm. 500 $aContiene : Nota giustificativa e bibliografica. 650 4$aGallotti, Silvio .$0(OLS)http://semarc/subject/35955 850 $aSeMil 852 $aSeMil$W1$xVenegono$y1$m3J III 190$j144496$B144496$CSeMilBibl$Z2$F155805 $81 996 $6245$aUna vita da prete :$bdon Silvio Gallotti$9(OLS)http://semarc/title/279572 996 $6260$aRoma :$bEd. Monfortane$9(OLS)http://semarc/publisher/29862 LEADER 00761nam a2200205 i 4500 001 000000197013 003 CaOOAMICUS 005 20110204000000.0 008 110204s1946 it u000 u ita u 013 $a175698 040 $aSeMil$bita 245 12$aI sacramenti e le benedizioni. 300 $a147 p. 490 0 $aArdens et lucens ;$v4 700 1 $aAlfonzo, P. .$0(OLS)http://semarc/name/10737 773 0 $aAlfonzo, P. $tRiti della chiesa.$dRoma : Edizioni Liturgiche, 1945-1946.$g3$w()24240 830 0$aArdens et lucens ;$v4.$0(OLS)http://semarc/title/20640 850 $aSeMil 852 $aSeMil$W1$xVenegono$y1$m3K IV 174$j147576$B147576$CSeMilBibl$Z2$F159068 $81 996 $6245$aI sacramenti e le benedizioni$9(OLS)http://semarc/title/284435